000 00547nam a2200181Ia 4500
001 9638
005 20260306161733.0
008 260306t2007||||xx |||||||||||||| ||spa||
041 _aESP
082 _a384.0985
_bO65
100 _aOrganismo Supervisor de Inversión Privada en Telecomunicaciones
_eAUT
245 0 _aReportes sobre participación y concentración de mercado en los servicios públicos de telecomunicaciones
260 _c2007
300 _a31 páginas :
_c23 cm.
650 _aGEN
654 _aCAN
942 _cLIB
_dJUS
_fJUS
_2ddc
_n
999 _c9638
_d9638